HANDBOOK FOR ANM (Record no. 66021)
[ view plain ]
| 000 -LEADER | |
|---|---|
| fixed length control field | 00306nam a22001337a 4500 |
| 008 - FIXED-LENGTH DATA ELEMENTS--GENERAL INFORMATION | |
| fixed length control field | 250827b |||||||| |||| 00| 0 eng d |
| 020 ## - ISBN | |
| International Standard Book Number | 9789394644007 |
| Discounted Price | 800 |
| 040 ## - CATALOGING SOURCE | |
| Original cataloging agency | IIMT University College of Nursing (073) |
| 100 ## - MAIN ENTRY--PERSONAL NAME | |
| Personal name | AGARWAL PREETI |
| 245 ## - TITLE STATEMENT | |
| Title | HANDBOOK FOR ANM |
| 260 ## - PUBLICATION, DISTRIBUTION, ETC. (IMPRINT) | |
| Place of publication, distribution, etc | JP |
| Name of publisher, distributor, etc | KIRT PRAKSHAN |
| Date of publication, distribution, etc | DELHI |
| 300 ## - PHYSICAL DESCRIPTION | |
| Pages | 858 |
| 942 ## - ADDED ENTRY ELEMENTS (KOHA) | |
| Koha item type | Book Bank |
| 952 ## - LOCATION AND ITEM INFORMATION (KOHA) | |
| -- | 2027-03-31 |
| -- | 2025-10-30 |
| -- | 2025-08-27 |
| 952 ## - LOCATION AND ITEM INFORMATION (KOHA) | |
| -- | 2027-03-31 |
| -- | 2025-10-27 |
| -- | 2025-08-27 |
| 952 ## - LOCATION AND ITEM INFORMATION (KOHA) | |
| -- | 2026-01-30 |
| -- | 2025-10-03 |
| -- | 2025-08-27 |
| 952 ## - LOCATION AND ITEM INFORMATION (KOHA) | |
| -- | 2027-03-31 |
| -- | 2025-10-30 |
| -- | 2025-08-27 |
| 952 ## - LOCATION AND ITEM INFORMATION (KOHA) | |
| -- | 2027-03-31 |
| -- | 2025-10-28 |
| -- | 2025-08-27 |
| 952 ## - LOCATION AND ITEM INFORMATION (KOHA) | |
| -- | 2027-03-31 |
| -- | 2025-10-27 |
| -- | 2025-08-27 |
| 952 ## - LOCATION AND ITEM INFORMATION (KOHA) | |
| -- | 2027-03-31 |
| -- | 2025-12-04 |
| -- | 2025-08-27 |
| 952 ## - LOCATION AND ITEM INFORMATION (KOHA) | |
| -- | 2027-03-31 |
| -- | 2025-10-27 |
| -- | 2025-08-27 |
| 952 ## - LOCATION AND ITEM INFORMATION (KOHA) | |
| -- | 2027-03-31 |
| -- | 2025-10-27 |
| -- | 2025-08-27 |
| 952 ## - LOCATION AND ITEM INFORMATION (KOHA) | |
| -- | 2027-03-31 |
| -- | 2025-11-03 |
| -- | 2025-08-27 |
| 952 ## - LOCATION AND ITEM INFORMATION (KOHA) | |
| -- | 2027-03-31 |
| -- | 2025-11-03 |
| -- | 2025-08-27 |
| 952 ## - LOCATION AND ITEM INFORMATION (KOHA) | |
| -- | 2027-03-31 |
| -- | 2025-11-03 |
| -- | 2025-08-27 |
| 952 ## - LOCATION AND ITEM INFORMATION (KOHA) | |
| -- | 2027-03-31 |
| -- | 2025-11-10 |
| -- | 2025-08-27 |
| 952 ## - LOCATION AND ITEM INFORMATION (KOHA) | |
| -- | 2027-03-31 |
| -- | 2026-04-27 |
| -- | 2025-08-27 |
| 952 ## - LOCATION AND ITEM INFORMATION (KOHA) | |
| -- | 2027-03-31 |
| -- | 2025-10-15 |
| -- | 2025-08-27 |
| Withdrawn status | Lost status | Source of classification or shelving scheme | Damaged status | Not for loan | Location (home branch) | Sublocation or collection (holding branch) | Date acquired | Source of Acquisition | Cost Normal purchase price | Koha issues (times borrowed) | Accession No. | Koha date last seen | Koha item type |
|---|---|---|---|---|---|---|---|---|---|---|---|---|---|
| IIMT University College of Nursing (073) | IIMT University College of Nursing (073) | 08/27/2025 | KIRT PRAKSHAN | 800.00 | 1 | 03-B-7239 | 10/30/2025 | Book Bank | |||||
| IIMT University College of Nursing (073) | IIMT University College of Nursing (073) | 08/27/2025 | KIRT PRAKSHAN | 800.00 | 1 | 03-B-7240 | 10/27/2025 | Book Bank | |||||
| IIMT University College of Nursing (073) | IIMT University College of Nursing (073) | 08/27/2025 | KIRT PRAKSHAN | 800.00 | 1 | 03-B-7241 | 10/03/2025 | Book Bank | |||||
| IIMT University College of Nursing (073) | IIMT University College of Nursing (073) | 08/27/2025 | KIRT PRAKSHAN | 800.00 | 1 | 03-B-7242 | 10/30/2025 | Book Bank | |||||
| IIMT University College of Nursing (073) | IIMT University College of Nursing (073) | 08/27/2025 | KIRT PRAKSHAN | 800.00 | 1 | 03-B-7243 | 10/28/2025 | Book Bank | |||||
| IIMT University College of Nursing (073) | IIMT University College of Nursing (073) | 08/27/2025 | KIRT PRAKSHAN | 800.00 | 1 | 03-B-7244 | 10/27/2025 | Book Bank | |||||
| IIMT University College of Nursing (073) | IIMT University College of Nursing (073) | 08/27/2025 | KIRT PRAKSHAN | 800.00 | 2 | 03-B-7245 | 12/04/2025 | Book Bank | |||||
| IIMT University College of Nursing (073) | IIMT University College of Nursing (073) | 08/27/2025 | KIRT PRAKSHAN | 800.00 | 1 | 03-B-7246 | 10/27/2025 | Book Bank | |||||
| IIMT University College of Nursing (073) | IIMT University College of Nursing (073) | 08/27/2025 | KIRT PRAKSHAN | 800.00 | 1 | 03-B-7247 | 10/27/2025 | Book Bank | |||||
| IIMT University College of Nursing (073) | IIMT University College of Nursing (073) | 08/27/2025 | KIRT PRAKSHAN | 800.00 | 1 | 03-B-7248 | 11/03/2025 | Book Bank | |||||
| IIMT University College of Nursing (073) | IIMT University College of Nursing (073) | 08/27/2025 | KIRT PRAKSHAN | 800.00 | 1 | 03-B-7249 | 11/03/2025 | Book Bank | |||||
| IIMT University College of Nursing (073) | IIMT University College of Nursing (073) | 08/27/2025 | KIRT PRAKSHAN | 800.00 | 1 | 03-B-7250 | 11/03/2025 | Book Bank | |||||
| IIMT University College of Nursing (073) | IIMT University College of Nursing (073) | 08/27/2025 | KIRT PRAKSHAN | 800.00 | 1 | 03-B-7251 | 11/10/2025 | Book Bank | |||||
| IIMT University College of Nursing (073) | IIMT University College of Nursing (073) | 08/27/2025 | KIRT PRAKSHAN | 800.00 | 2 | 03-B-7252 | 04/27/2026 | Book Bank | |||||
| IIMT University College of Nursing (073) | IIMT University College of Nursing (073) | 08/27/2025 | KIRT PRAKSHAN | 800.00 | 2 | 03-B-7253 | 10/15/2025 | Book Bank |

